000 00583nam a22001937a 4500
999 _c8031
_d8031
003 OSt
005 20220913122001.0
008 220913b ||||| |||| 00| 0 eng d
020 _a0195058844
040 _cNLM
082 _aWG102
_bM635c 1990
100 _aMilnor, William R.
_916338
245 _aCardiovascular physiology
260 _aNew York :
_bOxford University Press,
_c 1990
300 _axii, 501 pages :
_b illustrations ;
_c25 cm
504 _aIncludes bibliographical references and index
650 _aCardiovascular system -- Physiology.
_916339
942 _2z
_cBOOK